Correspondance / (Record no. 45082)

MARC details
000 -LEADER
campo de control de longitud fija 00902nam a2200265 i 4500
001 - NÚMERO DE CONTROL
campo de control 45082
003 - IDENTIFICADOR DE NÚMERO DE CONTROL
campo de control ES-MaACL
005 - FECHA Y HORA DE LA ÚLTIMA TRANSACCIÓN
campo de control 20230906161142.0
007 - CAMPO FIJO DE DESCRIPCIÓN FÍSICA--INFORMACIÓN GENERAL
campo de control de longitud fija t|
008 - DATOS DE LONGITUD FIJA--INFORMACIÓN GENERAL
campo de control de longitud fija 030325s1925 fr ||||1| fre d
080 ## - NÚMERO DE LA CLASIFICACIÓN DECIMAL UNIVERSAL
Número de la Clasificación Decimal Universal 929 Cipriano, Santo, Obispo de Cartago
080 ## - NÚMERO DE LA CLASIFICACIÓN DECIMAL UNIVERSAL
Número de la Clasificación Decimal Universal 27"02"
100 0# - ENTRADA PRINCIPAL--NOMBRE DE PERSONA
Nombre de persona Cipriano,
Títulos y otros términos asociados al nombre Santo,
-- Obispo de Cartago.
9 (RLIN) 38871
245 10 - MENCIÓN DEL TÍTULO
Título Correspondance /
Mención de responsabilidad, etc. Saint Cyprien ; texte établi et traduit par Le Chanoine Bayard.
260 ## - PUBLICACIÓN, DISTRIBUCIÓN, ETC.
Lugar de publicación, distribución, etc. Paris :
Nombre del editor, distribuidor, etc. Societé d'Edition "Les Belles Lettres",
Fecha de publicación, distribución, etc. 1925.
300 ## - DESCRIPCIÓN FÍSICA
Extensión 2 v. ;
Dimensiones 21 cm.
490 1# - MENCIÓN DE SERIE
Mención de serie Collection des Universités de France
546 ## - NOTA DE IDIOMA
Nota de lengua/lenguaje Texto en latín y francés.
650 #4 - PUNTO DE ACCESO ADICIONAL DE MATERIA--TÉRMINO DE MATERIA
Término de materia o nombre geográfico como elemento de entrada Historia eclesiástica-
Subdivisión cronológica S.III.
9 (RLIN) 141193
700 1# - ENTRADA AGREGADA--NOMBRE PERSONAL
Nombre de persona Bayard, Louis.
9 (RLIN) 141194
830 1# - PUNTO DE ACCESO ADICIONAL DE SERIE-TÍTULO UNIFORME
Título uniforme Collection des Universités de France
9 (RLIN) 180876
852 ## - LOCALIZACIÓN
Ubicación ES-MaACL
Número de control de estantería C-7862-63
852 ## - LOCALIZACIÓN
Ubicación ES-MaACL
Número de control de estantería E-4847
Nota libre (V. 1)
Holdings
Estatus retirado Estado de pérdida Estado de daño No para préstamo Biblioteca de origen Biblioteca actual Ubicación en estantería Fecha de adquisición Fuente de adquisición Total de préstamos Signatura topográfica completa Código de barras Visto por última vez Precio de reemplazo Tipo de ítem Koha
        Biblioteca del Ateneo de Madrid Biblioteca del Ateneo de Madrid Depósito 2 06/06/2016     E-4847 1195381 23/02/2023 23/02/2023 Libro impreso
        Biblioteca del Ateneo de Madrid Biblioteca del Ateneo de Madrid Sala Palomar 17/01/2008     C-7862-63 1047444 23/02/2023 23/02/2023 Libro impreso